EFL League One Teams 2021/22 - Statistics

General Stats
  • This quiz has been taken 133 times
    110 since last reset
  • The average score is 16 of 24
Answer Stats
Answer % Correct
Sunderland
84%
Bolton Wanderers
79%
Wycombe Wanderers
77%
AFC Wimbledon
75%
Milton Keynes Dons
75%
Plymouth Argyle
75%
Doncaster Rovers
74%
Portsmouth
74%
Sheffield Wednesday
74%
Wigan Athletic
72%
Accrington Stanley
70%
Rotherham United
70%
Ipswich Town
69%
Gillingham
67%
Oxford United
66%
Charlton Athletic
62%
Cambridge United
59%
Fleetwood Town
56%
Burton Albion
54%
Shrewsbury Town
54%
Cheltenham Town
52%
Crewe Alexandra
52%
Lincoln City
51%
Morecambe
46%
No matching quizzes found
Score Distribution
Percent of People with Each Score
Percentile by Number Answered
Your Score History
You have not taken this quiz since the last reset